000
00320nam a2200133Ia 4500
008
240624s9999 xx 000 0 und d
041
_a
eng
082
_a
823 LUD
100
_a
LUDLUM S ROBERT
245
_a
ARES DECISION
260
_c
2012
_a
London
_b
Orion Books ltd.
300
_a
420 : p. : cm. ; 18
365
_c
RS
_b
30
999
_c
19710
_d
19710